000 01003nam a2200253Ia 4500
999 _c53715
_d53715
001 20763
003 GE_BSU
005 20221110142324.0
008 181216s2015||||enk|||||||||||||| ||eng||
020 _a9781107618343x
040 _cGE_BSU
041 _aeng
080 _a327(4) : 341.217(4) A-31
100 _aAdler-Nissen, Rebecca
_910995
245 _aOpting Out of the European Union :
_bDiplomacy, Sovereignty and European Integration /
_cRebecca Adler-Nissen.
264 _aCambridge :
_bCambridge University Press,
_c2014.
300 _a253 p. ;
_c23 cm.
500 _aBibl. : p.218-241, Index. : p.242-253
653 _aევროკავშირიდან : დიპლომატია, სუვერენიტეტი და ევროპული ინტეგრაცია
653 _aდიპლომატია
653 _aსუვერენიტეტი
653 _aევროპული ინტეგრაცია
942 _cBK
_2udc